Quizzes
Events
Quiz Creation
Community
Videos
Private Events
Remove Ads
Sign In
Join for FREE
Feedback
Dark Mode
Quiz Categories
Sports
Geography
Music
Movies
Television
Just For Fun
Miscellaneous
History
Literature
Language
Science
Gaming
Entertainment
Religion
Holiday
For Kids
Quiz Lab
Recent
Popular Today
Quiz Kudos Today
Editor Picks
Curator Picks
Quizzes by...
Day
Popularity
Type
Ratings
Length
Year
Community
Subscriptions
Recent Discussions
Orange Saloon
Badges
Playlists
Quests
Create
Leaderboards
Showdown
Live 5
Trivia Bingo
Activity
Puzzle Library
Sporcle Events
Private Events
Virtual Trivia
Globe League
Become a Host
Pub Owners
SporcleCon
Opinionation
Our Games
Videos
Blog
Mobile Apps
Partnerships
Remove Ads and Go Orange
Feedback
Sports
Athletes
MLB
NBA
NHL
NFL
Soccer
Sports Teams
WWE
NCAA
Football
Premier League
Basketball
Baseball
Hockey
Golf
Tennis
Cricket
Rugby
Auto Racing
Olympics
World Cup
Sports
Athletes
MLB
NBA
NHL
NFL
Soccer
Sports Teams
WWE
NCAA
Football
Premier League
Basketball
Baseball
Hockey
Golf
Tennis
Cricket
Rugby
Auto Racing
Olympics
World Cup
Random Quiz
Search Sporcle
×
Quiz Lab
Quiz Lab
Sports
NFL
Type in answers that appear in a list
Type in answers that appear in a list
Classic
Best Score? Go Orange.
NFL Team's Last 6 Receiving Leaders Stats
Can you name the NFL Team's Last 6 Receiving Yards Leaders?
By
CrowPRIDE
10m
192 Questions
1,950 Plays
1,950 Plays
1,950 Plays
Comments
Comments
Give Quiz Kudos
Give Quiz Kudos
-
- Ratings
hide this ad
Replay
Link that replays current quiz
Next Quiz
Link to next quiz in quiz playlist
You Got
0%
They Got
Avg Score
66%
Avg Friend Score
Upgrade to see
Score Distribution
Jump to the score distribution portion of the page
Score
0/192
Timer
10:00
0
Plays Today
% Correct
Larry Fitzgerald
97%
Larry Fitzgerald
97%
Larry Fitzgerald
97%
Larry Fitzgerald
97%
Chad Ocho Cinco
95.9%
Chad Ocho Cinco
95.9%
Chad Ocho Cinco
95.9%
Chad Ocho Cinco
95.9%
Calvin Johnson
95.5%
Andre Johnson
95.4%
Andre Johnson
95.4%
Andre Johnson
95.4%
Andre Johnson
95.4%
Andre Johnson
95.4%
Steve Smith
95.2%
Steve Smith
95.2%
Steve Smith
95.2%
Steve Smith
95.2%
Rod Smith
95.1%
Rod Smith
95.1%
Eric Johnson
95.1%
Jimmy Smith
95%
Jimmy Smith
95%
Keyshawn Johnson
93.7%
Randy Moss
92.5%
Randy Moss
92.5%
Santana Moss
92.1%
Santana Moss
92.1%
Santana Moss
92.1%
Santana Moss
92.1%
Santana Moss
92.1%
Roddy White
89.4%
Roddy White
89.4%
Marvin Harrison
89.2%
Marvin Harrison
89.2%
Reggie Wayne
89.1%
Reggie Wayne
89.1%
Reggie Wayne
89.1%
Anquan Boldin
87.3%
DeSean Jackson
85.7%
Vincent Jackson
85.7%
Terrell Owens
85.6%
Terrell Owens
85.6%
Terrell Owens
85.6%
Terrell Owens
85.6%
Terrell Owens
85.6%
Hines Ward
85.5%
Hines Ward
85.5%
Hines Ward
85.5%
Hines Ward
85.5%
Darrell Jackson
85.5%
Darrell Jackson
85.5%
Larry Fitzgerald
85.2%
Chad Ocho Cinco
84.1%
Calvin Johnson
83.9%
Andre Johnson
83.8%
Brandon Marshall
83.6%
Brandon Marshall
83.6%
Wes Welker
83.6%
Torry Holt
83.6%
Torry Holt
83.6%
Torry Holt
83.6%
Torry Holt
83.6%
Torry Holt
83.6%
% Correct
Steve Smith
83.4%
Steve Smith
83.4%
Marques Colston
82.9%
Marques Colston
82.9%
Donald Driver
82.6%
Donald Driver
82.6%
Donald Driver
82.6%
Tony Gonzalez
81.7%
Tony Gonzalez
81.7%
Tony Gonzalez
81.7%
Tony Gonzalez
81.7%
Santana Moss
80.5%
Greg Jennings
79.2%
Roddy White
78.2%
Reggie Wayne
77.6%
Roy Williams
75.5%
Roy Williams
75.5%
Roy Williams
75.5%
Reggie Williams
75.5%
Reggie Williams
75.5%
DeSean Jackson
74.9%
Vincent Jackson
74.8%
Plaxico Burress
74.8%
Plaxico Burress
74.8%
Plaxico Burress
74.8%
Derrick Mason
74.7%
Derrick Mason
74.7%
Derrick Mason
74.7%
Terrell Owens
74%
Reggie Brown
73.5%
Brandon Marshall
73.2%
Wes Welker
72.6%
Lee Evans
72.5%
Lee Evans
72.5%
Lee Evans
72.5%
Antonio Gates
72.3%
Antonio Gates
72.3%
Antonio Gates
72.3%
Antonio Gates
72.3%
Marques Colston
71.9%
Santonio Holmes
71.3%
Braylon Edwards
70.9%
Braylon Edwards
70.9%
Braylon Edwards
70.9%
Isaac Bruce
70.3%
Matt Jones
69.6%
Greg Jennings
68.7%
Mushin Muhammad
67.6%
Mushin Muhammad
67.6%
Mushin Muhammad
67.6%
Sidney Rice
66.9%
Derrick Mason
64%
Santonio Holmes
62%
Amani Toomer
60.2%
Miles Austin
60.2%
Deion Branch
59.9%
Joe Horn
59.8%
Antonio Bryant
58.3%
Antonio Bryant
58.3%
Antonio Bryant
58.3%
Chris Chambers
57%
Chris Chambers
57%
Laveranues Coles
56.8%
Laveranues Coles
56.8%
% Correct
Laveranues Coles
56.8%
Todd Heap
54.5%
T.J. Houshmandzadeh
54.5%
Eric Moulds
52.6%
Eric Moulds
52.6%
Javon Walker
52.1%
Javon Walker
52.1%
Devin Hester
51.5%
Vernon Davis
49.9%
Chris Chambers
48.7%
Bernard Berrian
47.9%
Bernard Berrian
47.9%
Jerricho Cotchery
47.5%
Jerricho Cotchery
47.5%
Lance Moore
46.8%
Alge Crumpler
46.5%
Alge Crumpler
46.5%
Alge Crumpler
46.5%
Joey Galloway
46.2%
Joey Galloway
46.2%
Joey Galloway
46.2%
T.J. Houshmandzadeh
46%
Zach Miller
42.9%
Devin Hester
42.9%
Michael Clayton
42.5%
Jerricho Cotchery
39.9%
Kellen Winslow Jr.
38.7%
Zach Miller
38.3%
Terry Glenn
37.8%
Ted Ginn Jr.
37.2%
Kenny Britt
36.9%
Marty Booker
35%
Marty Booker
35%
Mike Sims-Walker
34%
Drew Bennett
33.5%
Drew Bennett
33.5%
Drew Bennett
33.5%
Nate Burleson
31.9%
Brandon Lloyd
29.9%
Justin Gage
28.5%
Justin Gage
28.5%
Eddie Kennison
27.3%
Davone Bess
27.2%
Jerry Porter
26.7%
Kevin Curtis
26%
Travis Taylor
25.3%
Travis Taylor
25.3%
Travis Taylor
25.3%
Donte Stallworth
24.8%
Bobby Engram
24.5%
Bobby Engram
24.5%
Mohamed Massaquoi
24.4%
Donnie Avery
24%
David Givens
21.1%
Domenik Hixon
18.2%
John Carlson
15.3%
Dennis Northcutt
13.6%
Reche Caldwell
13.4%
Ronald Curry
11.7%
Ronald Curry
11.7%
Arnaz Battle
11.5%
Bobby Wade
11.2%
Shaun McDonald
9.9%
David Terrell
8.9%
Quiz Playlist
Details
Report
Send in Message
Add To Playlist
Classic:
Type in answers that appear in a list
Quiz Source
Last Updated: Feb 20, 2017
Quiz Scoreboard
CHALLENGE
Sign Up to Join the Scoreboard
Show All
Scores
Hide
Comments
May contain spoilers
Recently Published
Pick 6: Fruits
by JohnFran
Miscellaneous
15s
Click the 1999 NBA Draft
by nibperrychub
Sports
2m
Alphabetical 'K' Countries by Flag Minefield
by ylime102
Geography
3m
More to Explore
Quiz From the Vault
Featured Blog Post
15 Basketball Trivia Facts You Can Be March Mad About
hide this ad
You Might Also Like...
Tags
NFL Quiz
last
Receiving
Receiving Yards
team
Yard
Today's Top Quizzes in Sports
Browse Sports
hide this ad
Today's Top Quizzes in NFL
Browse NFL
Top Contributed Quizzes in Sports
1
Don't Strike Out: 3000 Strikeouts
2
MLB 2 truths and a lie: Hall of Fame pitchers
3
Pick 6: NFL Teams
4
Criteria MLB: Left Handed Sluggers
5
MLB Players with Two .350 Batting Average Seasons
6
2022 World Cup Stars
7
Les joueurs à 100 buts en Ligue 1 Uber Eats
8
Millionaire: NBA Finals Edition
9
Pick 6: Minor League Baseball
10
Last 10 Members of the 500 HR Club in Order
Explore More
Trending Topics
Harry Potter
Crossword
Anime
NBA
Kpop
Marvel
Disney
Song
Puzzle
WWE
Pokémon
The Office
Country
NFL
Soccer
hide this ad
More By:
CrowPRIDE
Quiz
Plays
Rating
Category
Featured
Created
NFL Team's Last 6 Passing Leaders
10,357
4.40
Sports
Dec 1, 2009
WWF Royal Rumble 1988-1994
7,137
4.53
Sports
Nov 1, 2009
NFL Team's Last 6 Rushing Leaders
5,996
4.42
Sports
Dec 1, 2009
WWF Royal Rumble 1995-2000
3,926
3.67
Sports
Nov 1, 2009
WWE Royal Rumble 2007-2010
3,837
2.88
Sports
Nov 1, 2009
Go to Creator's Profile
Score Distribution
Quiz Creator Spotlight
CrowPRIDE
Follow
Send a Message
Quizzes Created
-
Created Quiz Play Count
-
More By This Creator
Popular Quizzes Today
1
Find the US States - No Outlines Minefield
2
Countries of Asia Without Outlines Minefield
3
Pick 6: Fruits
4
The Countries of the World
5
Alphabetical 'K' Countries by Flag Minefield
6
Find the US States
7
Match the Book to the Film X
8
Click the 1999 NBA Draft
More Sports Quizzes
Français ayant joué à RG dans les années 2010
Quiz Lab
Trending Quizzes
Pick 6: Harry Potter
Pick 6: Mountains
Pick 6: NFL Teams
Pick 6: Movie Franchises
Pick 6: Golfers
Recently Updated
Women's Final Four Teams by Year
bhenderson79
Presidents Quartet II
eogle
Anything But Clue(do)
eogle
Anything But Oceanian Capitals
eogle
Anything But 7
eogle
Anything But Thing
eogle
Word Ladder: February 29
pecheneg
Song Title Questions
pecheneg
Women's NCAA Tournament #1 Seeds
pecheneg
Celebrity Mug Shots
pecheneg
Trending Topics
NBA
Disney
Crossword
Harry Potter
Anime
Marvel
Kpop
NFL
Country
WWE
Soccer
Puzzle
Song
Pokémon
The Office
Your Account Isn't Verified!
In order to create a playlist on Sporcle, you need to verify the email address you used during registration. Go to your
Sporcle Settings
to finish the process.
Report this User
Report this user for behavior that violates our
Community Guidelines
.
Details:
Send Report
Go to the Sporcle.com Mobile Site →
Comments